[Event "Copenhagen Chess Challenge GM 2023"]
[Site "Ballerup"]
[Date "2023.08.23"]
[Round "1.1"]
[White "Solodovnichenko, Yuri"]
[Black "Hector, Jonny"]
[Result "1-0"]
[WhiteElo "2510"]
[BlackElo "2466"]
[PlyCount "147"]
[EventDate "2023.08.23"]
[EventType "tourn"]
[EventRounds "9"]
[EventCountry "DEN"]
[SourceTitle "Live v. Michael Andersen"]

1. e4 e5 2. Nf3 Nc6 3. Nc3 Nf6 4. Bb5 Nd4 5. O-O c6 6. Bd3 Nxf3+ 7. Qxf3 d6 8.
Bc4 Be6 9. Bxe6 fxe6 10. Ne2 Qd7 11. c4 Be7 12. d4 exd4 13. Nxd4 Bd8 14. Rd1
Bb6 15. e5 dxe5 16. Nb3 Qe7 17. Be3 O-O 18. c5 Bc7 19. Nd2 Nd5 20. Qg3 Rf5 21.
Ne4 Raf8 22. Rac1 Qe8 23. h3 Qh5 24. Qg4 Qe8 25. Rd3 b5 26. cxb6 axb6 27. Bh6
R8f7 28. Rg3 Qd7 29. b4 Nxb4 30. Ng5 Nd5 31. Nxf7 Rxf7 32. Ra3 Bd6 33. Ra8+ Bf8
34. Bg5 c5 35. Re1 Rf5 36. Bc1 Nf6 37. Qe2 e4 38. Bb2 Qc6 39. Rd8 Kf7 40. Bxf6
Rxf6 41. Red1 c4 42. R1d7+ Be7 43. Qh5+ Rg6 44. Qh4 Rf6 45. Qh5+ Rg6 46. Qh4
Rf6 47. Qxh7 Qc5 48. Qxe4 Qxf2+ 49. Kh2 Qf4+ 50. Qxf4 Rxf4 51. Rb8 Kf6 52. Rxb6
Bc5 53. Rc6 Bd4 54. g4 Rf2+ 55. Kg3 Rd2 56. Kf3 Rd3+ 57. Ke4 Re3+ 58. Kxd4 Rd3+
59. Kxc4 Rxd7 60. a4 Ra7 61. Kb5 Ke5 62. a5 Kd5 63. a6 e5 64. Rc1 e4 65. Kb6
Re7 66. a7 Re8 67. Ra1 e3 68. a8=Q+ Rxa8 69. Rxa8 g5 70. Re8 Kd4 71. Kc6 Kd3
72. Kd5 e2 73. Rxe2 Kxe2 74. Ke4 1-0

[Event "Copenhagen Chess Challenge GM 2023"]
[Site "Ballerup"]
[Date "2023.08.23"]
[Round "1.2"]
[White "Jacobsen, Mikkel Manosri"]
[Black "Nunez, Ruben Domingo"]
[Result "1/2-1/2"]
[WhiteElo "2321"]
[BlackElo "2420"]
[PlyCount "160"]
[EventDate "2023.08.23"]
[EventType "tourn"]
[EventRounds "9"]
[EventCountry "DEN"]
[SourceTitle "Live v. Michael Andersen"]

1. d4 Nf6 2. Bf4 g6 3. Nf3 Bg7 4. e3 b6 5. h3 Bb7 6. Be2 O-O 7. O-O d6 8. a4 a5
9. Bh2 Nbd7 10. c3 Ne4 11. Nfd2 Nxd2 12. Nxd2 e5 13. Bf3 Qc8 14. Re1 f5 15.
Bxb7 Qxb7 16. Qf3 Qxf3 17. Nxf3 Rfe8 18. Rad1 exd4 19. exd4 Bh6 20. g4 Kf7 21.
g5 Rxe1+ 22. Rxe1 Bg7 23. Bf4 Rb8 24. Ra1 b5 25. axb5 Rxb5 26. Ra2 Nb6 27. Kf1
Ke6 28. Ke2 Kd5 29. Kd3 c5 30. dxc5 dxc5 31. Nd2 c4+ 32. Kc2 Be5 33. Be3 Bc7
34. f3 Nc8 35. Ra4 Nd6 36. Bf4 Rc5 37. Nf1 Rb5 38. Ne3+ Ke6 39. Bxd6 Bxd6 40.
Nxc4 Bc7 41. Nd2 Re5 42. Rh4 Re2 43. Kd3 Rf2 44. b4 axb4 45. cxb4 Bg3 46. Rxh7
Bf4 47. Nc4 Rxf3+ 48. Kd4 Rb3 49. Rg7 Bxg5 50. Rxg6+ Bf6+ 51. Kc5 Kf7 52. Rg2
Be7+ 53. Kd5 Rd3+ 54. Kc6 Rc3 55. Kb5 Rxh3 56. Ne5+ Ke6 57. Re2 Bxb4 58. Kxb4
Rh4+ 59. Nc4+ Kf6 60. Kc5 f4 61. Kd5 Rh8 62. Nd6 Ra8 63. Ke4 Rd8 64. Kd5 Ra8
65. Rf2 Kg5 66. Rg2+ Kh4 67. Nf5+ Kh3 68. Rg5 Re8 69. Kd4 Re1 70. Kd3 Re5 71.
Kd4 Re1 72. Rg7 Re8 73. Rg6 Re2 74. Nd6 f3 75. Ne4 Rxe4+ 76. Kxe4 f2 77. Rh6+
Kg2 78. Rg6+ Kh3 79. Rf6 Kg2 80. Rxf2+ Kxf2 1/2-1/2

[Event "Copenhagen Chess Challenge GM 2023"]
[Site "Ballerup"]
[Date "2023.08.23"]
[Round "1.3"]
[White "Pedersen, Daniel Vesterbaek"]
[Black "Seo, Jung Min"]
[Result "0-1"]
[WhiteElo "2142"]
[BlackElo "2466"]
[PlyCount "86"]
[EventDate "2023.08.23"]
[EventType "tourn"]
[EventRounds "9"]
[EventCountry "DEN"]
[SourceTitle "Live v. Michael Andersen"]

1. e4 c5 2. Nf3 d6 3. d4 cxd4 4. Nxd4 Nf6 5. Nc3 a6 6. Bg5 Nbd7 7. Qe2 h6 8.
Bh4 g6 9. O-O-O e5 10. Nb3 Be7 11. h3 b5 12. a3 Bb7 13. g4 Rc8 14. Bg2 Rxc3 15.
bxc3 Qc7 16. Qd3 O-O 17. Bxf6 Nxf6 18. h4 Nxg4 19. Rdf1 Nf6 20. f4 d5 21. exd5
e4 22. Bxe4 Bxa3+ 23. Kb1 Nxe4 24. Qxe4 Qxc3 25. Qd4 Qxd4 26. Nxd4 Bxd5 27. Rh2
Rd8 28. Nb3 Bc4 29. Rg1 Be6 30. h5 Kg7 31. Rd2 Rxd2 32. Nxd2 Bd6 33. hxg6 fxg6
34. Rf1 Bf5 35. Nb3 h5 36. Nd4 Kf6 37. Kc1 Bc5 38. Nxf5 Kxf5 39. Kd2 h4 40. Ke2
Kg4 41. Ra1 h3 42. Kf1 Kf3 43. Rd1 h2 0-1

[Event "Copenhagen Chess Challenge GM 2023"]
[Site "Ballerup"]
[Date "2023.08.23"]
[Round "1.4"]
[White "Olsen, Filip Boe"]
[Black "Haubro, Martin"]
[Result "1/2-1/2"]
[WhiteElo "2421"]
[BlackElo "2386"]
[PlyCount "69"]
[EventDate "2023.08.23"]
[EventType "tourn"]
[EventRounds "9"]
[EventCountry "DEN"]
[SourceTitle "Live v. Michael Andersen"]

1. d4 Nf6 2. c4 e6 3. Nf3 d5 4. g3 Bb4+ 5. Bd2 Be7 6. Bg2 O-O 7. O-O c6 8. Bc3
Nbd7 9. Nbd2 b6 10. b4 dxc4 11. Nxc4 Ba6 12. Qb3 Rc8 13. Rfd1 Qc7 14. Rac1 Qb7
15. Bd2 Qa8 16. Nfe5 Nxe5 17. dxe5 Nd5 18. h4 Qb8 19. Qb2 Bxc4 20. Rxc4 b5 21.
Rcc1 Nb6 22. Bf4 c5 23. bxc5 Na4 24. Qb3 Nxc5 25. Qe3 Qb6 26. h5 Rfd8 27. h6 g6
28. Bg5 Rxd1+ 29. Rxd1 Bf8 30. Qf4 a5 31. Qf6 Qc7 32. Rc1 Qb8 33. Rd1 Qc7 34.
Rc1 Qb8 35. Rd1 1/2-1/2

[Event "Copenhagen Chess Challenge GM 2023"]
[Site "Ballerup"]
[Date "2023.08.23"]
[Round "1.5"]
[White "Brynell, Stellan"]
[Black "Mikkelsen, Nikolaj"]
[Result "1/2-1/2"]
[WhiteElo "2397"]
[BlackElo "2480"]
[PlyCount "82"]
[EventDate "2023.08.23"]
[EventType "tourn"]
[EventRounds "9"]
[EventCountry "DEN"]
[SourceTitle "Live v. Michael Andersen"]

1. d4 d5 2. c4 e6 3. Nf3 a6 4. Bg5 Be7 5. Bxe7 Nxe7 6. Nbd2 O-O 7. g3 Nd7 8.
Bg2 c5 9. cxd5 Nxd5 10. O-O b5 11. dxc5 Nxc5 12. Qc2 Na4 13. b3 Nac3 14. Ne4
Nxe4 15. Qxe4 Bb7 16. Ne5 Rc8 17. Rfd1 Nc3 18. Rxd8 Bxe4 19. Rxf8+ Kxf8 20.
Bxe4 Nxe4 21. b4 f6 22. Nd3 Nc3 23. Kf1 Rc4 24. a3 Na4 25. Ke1 Ke7 26. Kd2 Kd6
27. Rc1 Rxc1 28. Kxc1 Kd5 29. Nf4+ Ke5 30. Kc2 g5 31. Nd3+ Kd5 32. f3 Kd4 33.
Kd2 e5 34. e3+ Kd5 35. Nf2 Nb6 36. Kc3 Nc4 37. e4+ Ke6 38. Nd3 Nxa3 39. Nc5+
Kd6 40. Nxa6 Nc4 41. Nc5 Nb6 1/2-1/2

[Event "Copenhagen Chess Challenge GM 2023"]
[Site "Ballerup"]
[Date "2023.08.24"]
[Round "2.1"]
[White "Haubro, Martin"]
[Black "Brynell, Stellan"]
[Result "1-0"]
[WhiteElo "2386"]
[BlackElo "2397"]
[PlyCount "101"]
[EventDate "2023.08.23"]
[EventType "tourn"]
[EventRounds "9"]
[EventCountry "DEN"]
[SourceTitle "Live v. Michael Andersen"]

1. e4 e5 2. Bc4 Nf6 3. d3 c6 4. Nf3 Be7 5. Nc3 d6 6. a4 O-O 7. h3 d5 8. Ba2
dxe4 9. Nxe5 exd3 10. Nxd3 Bf5 11. O-O Na6 12. Qf3 Bxd3 13. cxd3 Nb4 14. Bb1
Qd7 15. Rd1 Rfe8 16. d4 g6 17. Bf4 Nfd5 18. Be4 Rad8 19. Be5 f6 20. Bg3 f5 21.
Bxd5+ Nxd5 22. Be5 Bf8 23. Re1 Bg7 24. Nxd5 Qxd5 25. Qxd5+ cxd5 26. f4 Bf8 27.
Rac1 Rc8 28. Kf2 Bb4 29. Red1 Kf7 30. Ke3 Ke6 31. Kd3 Kd7 32. g4 Rxc1 33. Rxc1
Rc8 34. Rg1 Rf8 35. g5 Rc8 36. h4 Rc6 37. Rh1 Bf8 38. h5 h6 39. Rg1 hxg5 40.
Rxg5 gxh5 41. Rxf5 Be7 42. Rxh5 Rb6 43. Rh7 Ke8 44. Rh2 Rb3+ 45. Kc2 Rf3 46.
Rh8+ Kd7 47. Rb8 b6 48. Rb7+ Ke6 49. Rxa7 Bb4 50. Rb7 Ba5 51. b4 1-0

[Event "Copenhagen Chess Challenge GM 2023"]
[Site "Ballerup"]
[Date "2023.08.24"]
[Round "2.2"]
[White "Solodovnichenko, Yuri"]
[Black "Jacobsen, Mikkel Manosri"]
[Result "1-0"]
[WhiteElo "2510"]
[BlackElo "2321"]
[PlyCount "59"]
[EventDate "2023.08.23"]
[EventType "tourn"]
[EventRounds "9"]
[EventCountry "DEN"]
[SourceTitle "Live v. Michael Andersen"]

1. e4 c5 2. Nf3 Nc6 3. Bb5 Nf6 4. Nc3 g6 5. Bxc6 dxc6 6. d3 Bg7 7. Be3 b6 8. h3
O-O 9. Qd2 e5 10. O-O Ne8 11. a3 a5 12. Ne2 f5 13. exf5 gxf5 14. Bh6 Ra7 15.
Nc3 Qd6 16. Bxg7 Rxg7 17. Kh1 Nc7 18. Rae1 Re8 19. Na4 b5 20. Nb6 Bb7 21. c4
Nd5 22. cxd5 cxd5 23. Qxa5 d4 24. Qxb5 Re6 25. Nc4 Bxf3 26. Nxd6 Rxg2 27. Qb8+
Kg7 28. Nxf5+ Kf7 29. Qc7+ Kf6 30. Nh4 1-0

[Event "Copenhagen Chess Challenge GM 2023"]
[Site "Ballerup"]
[Date "2023.08.24"]
[Round "2.3"]
[White "Seo, Jung Min"]
[Black "Olsen, Filip Boe"]
[Result "1/2-1/2"]
[WhiteElo "2466"]
[BlackElo "2421"]
[PlyCount "76"]
[EventDate "2023.08.23"]
[EventType "tourn"]
[EventRounds "9"]
[EventCountry "DEN"]
[SourceTitle "Live v. Michael Andersen"]

1. e4 c5 2. Nf3 d6 3. d4 cxd4 4. Nxd4 Nf6 5. Nc3 a6 6. Be3 e5 7. Nf3 Be7 8. h3
h6 9. Bc4 O-O 10. O-O Qc7 11. Bb3 Be6 12. Nh4 Nxe4 13. Nxe4 Bxb3 14. cxb3 Bxh4
15. Qxd6 Qc6 16. Qxc6 Nxc6 17. Rfd1 Rfd8 18. Nd6 Rd7 19. Ne4 Rad8 20. Rxd7 Rxd7
21. Nc5 Rc7 22. a3 Be7 23. Rd1 Na5 24. Nxa6 bxa6 25. Bb6 Rb7 26. Bxa5 Rxb3 27.
Bc3 Bxa3 28. Bxe5 Bxb2 29. Rb1 Rb5 30. Bxb2 a5 31. Kf1 a4 32. Ra1 Rxb2 33. Rxa4
Rb1+ 34. Ke2 Rb2+ 35. Kf3 Rb3+ 36. Ke2 Rb2+ 37. Kf3 Rb3+ 38. Ke2 Rb2+ 1/2-1/2

[Event "Copenhagen Chess Challenge GM 2023"]
[Site "Ballerup"]
[Date "2023.08.24"]
[Round "2.4"]
[White "Nunez, Ruben Domingo"]
[Black "Pedersen, Daniel Vesterbaek"]
[Result "1/2-1/2"]
[WhiteElo "2420"]
[BlackElo "2142"]
[PlyCount "91"]
[EventDate "2023.08.23"]
[EventType "tourn"]
[EventRounds "9"]
[EventCountry "DEN"]
[SourceTitle "Live v. Michael Andersen"]

1. e4 c5 2. Nf3 d6 3. Bb5+ Nd7 4. O-O a6 5. Bd3 Ngf6 6. c3 b5 7. Bc2 Bb7 8. Qe2
e6 9. a4 Be7 10. Re1 bxa4 11. Rxa4 O-O 12. d3 Qc7 13. Nbd2 Rfc8 14. Ra2 a5 15.
e5 Nxe5 16. Nxe5 dxe5 17. Nc4 Nd7 18. Nxe5 Nxe5 19. Qxe5 Qc6 20. Qg3 Rd8 21.
Bf4 Bf6 22. Rea1 e5 23. Be3 Qb5 24. Qg4 Be7 25. Qc4 Qc6 26. f3 Qg6 27. Qg4 Qb6
28. Bf2 Ra6 29. Qf5 Qc7 30. d4 g6 31. Qxe5 Bd6 32. Qe2 Bxh2+ 33. Kf1 Re6 34.
Qd1 cxd4 35. Bxd4 Be5 36. Rxa5 Bxd4 37. cxd4 Qc4+ 38. Qd3 Qxd3+ 39. Bxd3 Rxd4
40. R1a3 Rb6 41. Rc3 Rxb2 42. Ra7 Rdb4 43. Rc7 Rd2 44. Be2 Rbb2 45. Rcxb7 Rxe2
46. Rxf7 1/2-1/2

[Event "Copenhagen Chess Challenge GM 2023"]
[Site "Ballerup"]
[Date "2023.08.24"]
[Round "2.5"]
[White "Hector, Jonny"]
[Black "Mikkelsen, Nikolaj"]
[Result "1/2-1/2"]
[WhiteElo "2466"]
[BlackElo "2480"]
[PlyCount "230"]
[EventDate "2023.08.23"]
[EventType "tourn"]
[EventRounds "9"]
[EventCountry "DEN"]
[SourceTitle "Live v. Michael Andersen"]

1. e4 e5 2. Nf3 Nc6 3. d4 exd4 4. Nxd4 Nf6 5. Nc3 Bb4 6. Nxc6 bxc6 7. Bd3 d5 8.
exd5 O-O 9. O-O cxd5 10. h3 c6 11. Qf3 Re8 12. Ne2 Nd7 13. Bf4 Qf6 14. c3 Bd6
15. Bxd6 Qxd6 16. Nd4 Ne5 17. Qg3 Bd7 18. Bf5 Bxf5 19. Qxg7+ Kxg7 20. Nxf5+ Kf6
21. Nxd6 Red8 22. Nb7 Rdb8 23. Na5 Rxb2 24. f4 Nd7 25. Nxc6 Rc8 26. Nb4 Nb6 27.
Rac1 a5 28. Nd3 Rxa2 29. Ne5 Nc4 30. Ng4+ Ke6 31. Rfe1+ Kd6 32. Nf6 Rd2 33.
Nxh7 Rb8 34. Kh2 Rbb2 35. Rg1 Ne3 36. Kg3 f5 37. Ng5 Nxg2 38. Nf3 Re2 39. Ra1
Ne3 40. Rxa5 Rg2+ 41. Rxg2 Rxg2+ 42. Kh4 Rf2 43. Ra6+ Kc5 44. Nd4 Kc4 45. Rc6+
Kd3 46. Kg5 Rg2+ 47. Kf6 Ke4 48. Ne6 Rg3 49. h4 Ng4+ 50. Ke7 Rg1 51. Ra6 Rh1
52. Ra4+ Kd3 53. Rd4+ Kxc3 54. Rxd5 Rxh4 55. Rxf5 Ne3 56. Rg5 Kd3 57. Kf6 Rh1
58. Rb5 Ra1 59. Rb3+ Ke4 60. Rb4+ Kf3 61. Kg5 Ra5+ 62. Kg6 Nd5 63. Rd4 Nxf4+
64. Nxf4 Ke3 65. Rb4 Ra6+ 66. Kf5 Ra5+ 67. Ke6 Ra8 68. Ke5 Re8+ 69. Ne6 Kd3 70.
Kd5 Kc3 71. Rc4+ Kd3 72. Rh4 Ke3 73. Rh3+ Kd2 74. Nf4 Rd8+ 75. Ke4 Re8+ 76. Kd4
Rd8+ 77. Nd5 Ke2 78. Re3+ Kf2 79. Re5 Ra8 80. Rf5+ Kg3 81. Nc3 Kg4 82. Rd5 Kf3
83. Rd7 Kg4 84. Rf7 Re8 85. Ne4 Ra8 86. Nc5 Ra5 87. Rc7 Kf5 88. Kd5 Ra1 89.
Rf7+ Kg4 90. Ke5 Ra5 91. Rf4+ Kg3 92. Rc4 Kf3 93. Rc3+ Kg4 94. Ke4 Ra8 95. Ne6
Re8 96. Ke5 Ra8 97. Nc7 Ra1 98. Nd5 Re1+ 99. Ne3+ Kg5 100. Ra3 Re2 101. Ke4 Re1
102. Ra5+ Kg6 103. Kf4 Rb1 104. Ra6+ Kf7 105. Rd6 Ra1 106. Kf5 Ke7 107. Ke5 Re1
108. Re6+ Kd7 109. Kd5 Ra1 110. Rd6+ Ke7 111. Rh6 Ra5+ 112. Ke4 Kf7 113. Nd5
Ra1 114. Kf5 Rf1+ 115. Nf4 Ke7 1/2-1/2

[Event "Copenhagen Chess Challenge GM 2023"]
[Site "Ballerup"]
[Date "2023.08.24"]
[Round "3.1"]
[White "Pedersen, Daniel Vesterbaek"]
[Black "Solodovnichenko, Yuri"]
[Result "1/2-1/2"]
[WhiteElo "2142"]
[BlackElo "2510"]
[PlyCount "123"]
[EventDate "2023.08.23"]
[EventType "tourn"]
[EventRounds "9"]
[EventCountry "DEN"]
[SourceTitle "Live v. Michael Andersen"]

1. e4 c5 2. Nf3 d6 3. d4 Nf6 4. Nc3 cxd4 5. Nxd4 Nc6 6. Bg5 e6 7. Qd2 a6 8.
O-O-O Bd7 9. f4 Be7 10. Nf3 b5 11. Bxf6 gxf6 12. Bd3 Qb6 13. Kb1 O-O-O 14. Rhe1
Rdg8 15. g3 Kb7 16. f5 h5 17. Ne2 Ne5 18. Nxe5 fxe5 19. h4 Bc6 20. Rf1 exf5 21.
Rxf5 f6 22. Nc3 Rxg3 23. Be2 Qe3 24. Rxh5 Qxd2 25. Rxd2 Rg1+ 26. Rd1 Rxd1+ 27.
Bxd1 Rxh5 28. Bxh5 f5 29. Bg6 fxe4 30. Nxe4 d5 31. Ng5 e4 32. Nf7 Bxh4 33. Ne5
b4 34. Nxc6 Kxc6 35. c4 bxc3 36. bxc3 Kc5 37. Kc2 Be1 38. Kb3 a5 39. a4 Bh4 40.
Bh7 Bf6 41. Bg6 Bg5 42. Bh7 Kd6 43. c4 e3 44. Bd3 d4 45. Kc2 Kc5 46. Kb3 Kd6
47. Kc2 Ke5 48. Bf1 Bf6 49. Kd3 Kd6 50. Kc2 Be7 51. Be2 Kc6 52. Bf1 Bb4 53. Be2
Kd6 54. Bf1 Ba3 55. Be2 Ke5 56. Kd3 Bb2 57. Bf1 Bc3 58. Be2 Kd6 59. Kc2 Be1 60.
Bf1 Bg3 61. Be2 Kc5 62. Kb3 1/2-1/2

[Event "Copenhagen Chess Challenge GM 2023"]
[Site "Ballerup"]
[Date "2023.08.24"]
[Round "3.2"]
[White "Jacobsen, Mikkel Manosri"]
[Black "Hector, Jonny"]
[Result "0-1"]
[WhiteElo "2321"]
[BlackElo "2466"]
[PlyCount "84"]
[EventDate "2023.08.23"]
[EventType "tourn"]
[EventRounds "9"]
[EventCountry "DEN"]
[SourceTitle "Live v. Michael Andersen"]

1. d4 d5 2. Bf4 c5 3. e3 Nc6 4. Nf3 Nf6 5. Nbd2 Bg4 6. h3 Bxf3 7. Nxf3 e6 8.
Be2 Bd6 9. dxc5 Bxf4 10. exf4 Ne4 11. c3 Nxc5 12. O-O Qf6 13. Qd2 O-O 14. Rad1
Rfd8 15. Qe3 b6 16. g3 Ne7 17. Bd3 Nxd3 18. Rxd3 Nf5 19. Qe5 Nd6 20. Re1 Qg6
21. Qe2 Rac8 22. Kg2 Ne4 23. Rd4 Nd6 24. Qa6 Rc7 25. Red1 Qf6 26. Ne5 Rdc8 27.
a4 Qe7 28. Qe2 Qe8 29. h4 a5 30. g4 f6 31. Nd3 Re7 32. h5 h6 33. f3 Qc6 34. Ne1
Rce8 35. Qf2 Nf7 36. R1d2 e5 37. fxe5 Nxe5 38. b3 Qxc3 39. Nc2 Qxb3 40. Rxd5
Nc4 41. R2d3 Qxa4 42. Kh3 Re2 0-1

[Event "Copenhagen Chess Challenge GM 2023"]
[Site "Ballerup"]
[Date "2023.08.24"]
[Round "3.3"]
[White "Mikkelsen, Nikolaj"]
[Black "Haubro, Martin"]
[Result "1-0"]
[WhiteElo "2480"]
[BlackElo "2386"]
[PlyCount "113"]
[EventDate "2023.08.23"]
[EventType "tourn"]
[EventRounds "9"]
[EventCountry "DEN"]
[SourceTitle "Live v. Michael Andersen"]

1. e4 c5 2. Nf3 d6 3. Bb5+ Nd7 4. O-O a6 5. Bd3 Ngf6 6. c3 b5 7. Bc2 Bb7 8. Qe2
e6 9. d4 Be7 10. Re1 O-O 11. Nbd2 cxd4 12. cxd4 e5 13. d5 Qc7 14. Nf1 Rfc8 15.
Ne3 b4 16. a3 bxa3 17. b4 a5 18. b5 Nc5 19. Nd2 Rcb8 20. Bxa3 Bc8 21. Rec1 Nfd7
22. Rab1 a4 23. Ndc4 Bg5 24. g3 Rb7 25. h4 Bh6 26. Rb2 g6 27. Rcb1 Rab8 28. Nd1
Ra8 29. Rb4 Nb6 30. Nxb6 Qxb6 31. Nb2 Bf8 32. Nc4 Qd8 33. Bc1 Bd7 34. Na3 Qa5
35. Bd2 Qc7 36. Be3 Rab8 37. Bxa4 Qa5 38. Qc2 Rc8 39. Rc4 Rbc7 40. Bxc5 Rxc5
41. Rxc5 Rxc5 42. Qb3 Rc3 43. Qb4 Qxb4 44. Rxb4 Rxa3 45. b6 Bc8 46. Bc6 Ra2 47.
b7 Bxb7 48. Rxb7 Re2 49. Rb4 f5 50. exf5 gxf5 51. Bd7 f4 52. Be6+ Kh8 53. gxf4
exf4 54. Rxf4 Be7 55. Rg4 h5 56. Rg8+ Kh7 57. Re8 1-0

[Event "Copenhagen Chess Challenge GM 2023"]
[Site "Ballerup"]
[Date "2023.08.24"]
[Round "3.4"]
[White "Brynell, Stellan"]
[Black "Seo, Jung Min"]
[Result "1/2-1/2"]
[WhiteElo "2397"]
[BlackElo "2466"]
[PlyCount "49"]
[EventDate "2023.08.23"]
[EventType "tourn"]
[EventRounds "9"]
[EventCountry "DEN"]
[SourceTitle "Live v. Michael Andersen"]

1. d4 Nf6 2. c4 e6 3. Nc3 d5 4. cxd5 exd5 5. Bg5 Bb4 6. e3 h6 7. Bxf6 Qxf6 8.
Qb3 Qd6 9. a3 Bxc3+ 10. bxc3 O-O 11. Nf3 c5 12. dxc5 Qxc5 13. Be2 Nd7 14. O-O
b6 15. a4 Nf6 16. Rfd1 Bg4 17. h3 Bh5 18. Nd4 Bxe2 19. Nxe2 Rac8 20. Rd4 Rfe8
21. Nf4 Qxc3 22. Qxc3 Rxc3 23. Nxd5 Nxd5 24. Rxd5 Rec8 25. a5 1/2-1/2

[Event "Copenhagen Chess Challenge GM 2023"]
[Site "Ballerup"]
[Date "2023.08.24"]
[Round "3.5"]
[White "Olsen, Filip Boe"]
[Black "Nunez, Ruben Domingo"]
[Result "1-0"]
[WhiteElo "2421"]
[BlackElo "2420"]
[PlyCount "67"]
[EventDate "2023.08.23"]
[EventType "tourn"]
[EventRounds "9"]
[EventCountry "DEN"]
[SourceTitle "Live v. Michael Andersen"]

1. d4 g6 2. c4 Bg7 3. Nc3 c5 4. d5 d6 5. e4 Bxc3+ 6. bxc3 e5 7. f4 exf4 8. Bxf4
Qh4+ 9. Bg3 Qe7 10. Nf3 Nd7 11. Be2 f6 12. Qd2 g5 13. O-O h5 14. h4 g4 15. Ne1
Ne5 16. Nc2 Bd7 17. a4 O-O-O 18. a5 Nh6 19. Rab1 f5 20. Rb2 Kb8 21. Rfb1 Bc8
22. Nd4 cxd4 23. Qxd4 Qc7 24. a6 Nhf7 25. axb7 Bxb7 26. Bf2 Rd7 27. Qxa7+ Kc8
28. c5 Nd8 29. Ba6 Rhh7 30. Rxb7 Nxb7 31. Rxb7 Qxb7 32. Qa8+ Kc7 33. Qxb7+ Kd8
34. Qb8+ 1-0

[Event "Copenhagen Chess Challenge GM 2023"]
[Site "Ballerup"]
[Date "2023.08.25"]
[Round "4.1"]
[White "Nunez, Ruben Domingo"]
[Black "Brynell, Stellan"]
[Result "1/2-1/2"]
[WhiteElo "2420"]
[BlackElo "2397"]
[PlyCount "50"]
[EventDate "2023.08.23"]
[EventType "tourn"]
[EventRounds "9"]
[EventCountry "DEN"]
[SourceTitle "Live v. Michael Andersen"]

1. e4 e6 2. d4 d5 3. Nc3 Nf6 4. Bg5 Bb4 5. e5 h6 6. Bd2 Bxc3 7. bxc3 Ne4 8. Qg4
g6 9. Bd3 Nxd2 10. Kxd2 c5 11. h4 Nc6 12. Qf4 cxd4 13. cxd4 Qa5+ 14. c3 b6 15.
h5 gxh5 16. Ne2 Ba6 17. Bxa6 Qxa6 18. Rxh5 Qa3 19. Rah1 Qxa2+ 20. Ke3 Na5 21.
Rxh6 Nc4+ 22. Kf3 Nd2+ 23. Ke3 Nc4+ 24. Kf3 Nd2+ 25. Ke3 Nc4+ 1/2-1/2

[Event "Copenhagen Chess Challenge GM 2023"]
[Site "Ballerup"]
[Date "2023.08.25"]
[Round "4.2"]
[White "Jacobsen, Mikkel Manosri"]
[Black "Pedersen, Daniel Vesterbaek"]
[Result "0-1"]
[WhiteElo "2321"]
[BlackElo "2142"]
[PlyCount "92"]
[EventDate "2023.08.23"]
[EventType "tourn"]
[EventRounds "9"]
[EventCountry "DEN"]
[SourceTitle "Live v. Michael Andersen"]

1. d4 Nf6 2. Nf3 e6 3. Bf4 d5 4. e3 Bd6 5. Nbd2 O-O 6. c3 c5 7. Bd3 Bxf4 8.
exf4 Qb6 9. Qc2 cxd4 10. Nxd4 Qd6 11. Ne2 b6 12. Nf3 Ba6 13. Rd1 Bxd3 14. Qxd3
Nbd7 15. h4 h5 16. O-O b5 17. Rfe1 Rab8 18. Ng5 g6 19. b4 a6 20. Nd4 e5 21.
fxe5 Nxe5 22. Qg3 Nc4 23. Qxd6 Nxd6 24. Nc6 Rbe8 25. Ne7+ Kg7 26. f3 Nde4 27.
fxe4 Rxe7 28. e5 Ng4 29. e6 Rfe8 30. Rxd5 f6 31. Nf3 Rxe6 32. Rxe6 Rxe6 33. a4
bxa4 34. Ra5 Rc6 35. Kf1 Rxc3 36. Rxa6 a3 37. b5 Ne3+ 38. Kf2 Nf5 39. Ke2 Rb3
40. b6 a2 41. Rxa2 Rxb6 42. Ra4 Rb1 43. Nd4 Rb2+ 44. Kf3 Nxh4+ 45. Kg3 g5 46.
Kh3 Nxg2 0-1

[Event "Copenhagen Chess Challenge GM 2023"]
[Site "Ballerup"]
[Date "2023.08.25"]
[Round "4.3"]
[White "Solodovnichenko, Yuri"]
[Black "Olsen, Filip Boe"]
[Result "1/2-1/2"]
[WhiteElo "2510"]
[BlackElo "2421"]
[PlyCount "115"]
[EventDate "2023.08.23"]
[EventType "tourn"]
[EventRounds "9"]
[EventCountry "DEN"]
[SourceTitle "Live v. Michael Andersen"]

1. e4 c6 2. d4 d5 3. exd5 cxd5 4. Bd3 Nc6 5. c3 Nf6 6. h3 Qc7 7. Nf3 e6 8. O-O
Bd6 9. Re1 O-O 10. Qe2 Nd7 11. Nbd2 Re8 12. Nf1 h6 13. Ne3 Nf6 14. Nc2 e5 15.
dxe5 Nxe5 16. Nxe5 Rxe5 17. Be3 Bc5 18. Qf3 Bxe3 19. Rxe3 Rxe3 20. Qxe3 Bd7 21.
Qd4 Qa5 22. Nb4 Re8 23. f3 Qc7 24. Bf1 Qg3 25. Qf2 Qg5 26. h4 Qf4 27. Rd1 Bc6
28. a3 a5 29. Nd3 Qa4 30. Rd2 Ne4 31. fxe4 dxe4 32. Nc5 e3 33. Nxa4 exf2+ 34.
Kxf2 Bxa4 35. Rd5 b6 36. Bc4 Rc8 37. Ba6 Rc6 38. Rd8+ Kh7 39. Bd3+ g6 40. Be4
Rf6+ 41. Ke3 Kg7 42. c4 Bb3 43. Bd5 a4 44. Rd7 g5 45. hxg5 hxg5 46. Rb7 g4 47.
Kd4 g3 48. Re7 Rf4+ 49. Re4 Rf2 50. Rg4+ Kf8 51. Rxg3 Rxb2 52. Rf3 b5 53. Rxf7+
Ke8 54. Rb7 bxc4 55. Bxc4 Rxg2 56. Bxb3 axb3 57. Rxb3 Kd7 58. Rc3 1/2-1/2

[Event "Copenhagen Chess Challenge GM 2023"]
[Site "Ballerup"]
[Date "2023.08.25"]
[Round "4.4"]
[White "Seo, Jung Min"]
[Black "Mikkelsen, Nikolaj"]
[Result "1/2-1/2"]
[WhiteElo "2466"]
[BlackElo "2480"]
[PlyCount "112"]
[EventDate "2023.08.23"]
[EventType "tourn"]
[EventRounds "9"]
[EventCountry "DEN"]
[SourceTitle "Live v. Michael Andersen"]

1. e4 e5 2. Nf3 Nc6 3. Bc4 Bc5 4. d3 Nf6 5. c3 O-O 6. O-O d5 7. exd5 Nxd5 8.
Re1 Bg4 9. h3 Bh5 10. Nbd2 Nb6 11. Bb3 Qxd3 12. Nxe5 Qf5 13. Nef3 Rad8 14. Qe2
Nd5 15. Qe4 Qd7 16. Qh4 Nf6 17. Ng5 Bg6 18. Nde4 Be7 19. Nxf6+ Bxf6 20. Qg3 Na5
21. Bf4 Nxb3 22. axb3 Qc6 23. Nf3 Rd3 24. Rxa7 Be4 25. Be3 h6 26. Ra5 b5 27.
Ra7 Qd5 28. b4 c6 29. Qf4 Rd1 30. Ra1 Rxa1 31. Rxa1 Re8 32. Re1 Re6 33. Bd4
Bxf3 34. Rxe6 Qxe6 35. Bxf6 Bd5 36. Bd4 Qe4 37. Qg3 Qg6 38. Qxg6 fxg6 39. h4
Kf7 40. f3 g5 41. hxg5 hxg5 42. Kf2 g4 43. fxg4 g6 44. g3 Ke6 45. Ke3 Bb3 46.
g5 Kd5 47. Bf6 Ba4 48. Kd2 Bb3 49. g4 Ba4 50. Kc1 Bb3 51. Kb1 Kc4 52. Kc1 Kd3
53. Bh8 Ba4 54. Bg7 Bb3 55. Bh8 Ba4 56. Bg7 Bb3 1/2-1/2

[Event "Copenhagen Chess Challenge GM 2023"]
[Site "Ballerup"]
[Date "2023.08.25"]
[Round "4.5"]
[White "Hector, Jonny"]
[Black "Haubro, Martin"]
[Result "1/2-1/2"]
[WhiteElo "2466"]
[BlackElo "2386"]
[PlyCount "138"]
[EventDate "2023.08.23"]
[EventType "tourn"]
[EventRounds "9"]
[EventCountry "DEN"]
[SourceTitle "Live v. Michael Andersen"]

1. e4 c5 2. Nf3 d6 3. d4 cxd4 4. Nxd4 Nf6 5. Nc3 a6 6. Rg1 e5 7. Nb3 Be6 8. g4
Nc6 9. g5 Nd7 10. Be3 b5 11. a4 b4 12. Nd5 Be7 13. Bc4 Na5 14. Nxa5 Qxa5 15. b3
Rc8 16. Qh5 Rxc4 17. bxc4 b3+ 18. Bd2 b2 19. Rb1 Qxa4 20. Nc7+ Kd8 21. Nxe6+
fxe6 22. Qd1 Qxc4 23. Rxb2 Qxe4+ 24. Qe2 Qa4 25. Rb4 Qa1+ 26. Qd1 Qxd1+ 27.
Kxd1 Rf8 28. Ke2 d5 29. Rb7 Bc5 30. Ba5+ Ke7 31. Be1 Rf4 32. Rg3 Kd6 33. Rc3
Rf7 34. Rh3 Rf5 35. Rc3 Rf7 36. f3 Kc6 37. Rb1 Nb6 38. Ra1 Ra7 39. Ra5 Nd7 40.
f4 d4 41. Rh3 exf4 42. Rxh7 Ne5 43. Rh8 Kd6 44. Rd8+ Nd7 45. Ra4 Kd5 46. Kf3
Bb6 47. Rc8 e5 48. c4+ dxc3 49. Bxc3 Nc5 50. Ra1 Nb3 51. Rd1+ Nd4+ 52. Kg4 a5
53. h4 Rf7 54. h5 f3 55. h6 gxh6 56. g6 Rf5 57. Bxd4 Rg5+ 58. Kxf3 Bxd4 59. Ra8
Rxg6 60. Rxa5+ Kc4 61. Ke4 Rg4+ 62. Kf5 Rf4+ 63. Kg6 Rh4 64. Ra8 Rh2 65. Rh8
Kc3 66. Rxh6 Rxh6+ 67. Kxh6 e4 68. Re1 e3 69. Rxe3+ Bxe3+ 1/2-1/2